[Event "May Lviv Tradition (IM-group)"]
[Site "Lviv"]
[Date "2016.05.16"]
[Round "1.1"]
[White "Badelka, Olga"]
[Black "Shkuran, Danylo"]
[Result "1-0"]
[WhiteElo "2397"]
[BlackElo "2395"]
[PlyCount "83"]
[EventDate "2016.05.16"]
[EventType "tourn"]
[EventRounds "9"]
[EventCountry "UKR"]
[EventCategory "4"]

1. d4 d5 2. c4 c6 3. Nf3 Nf6 4. Nc3 e6 5. Bg5 h6 6. Bh4 Be7 7. e3 O-O 8. Qc2 b6
9. cxd5 cxd5 10. Rc1 Bb7 11. Be2 Nbd7 12. O-O a6 13. Qb1 b5 14. Rc2 Nb6 15. b3
Rc8 16. Ne5 Nfd7 17. Bxe7 Qxe7 18. Nxd7 Qxd7 19. Rfc1 Qd6 20. a4 b4 21. Nd1
Rxc2 22. Rxc2 e5 23. dxe5 Qxe5 24. Qb2 Qd6 25. Qd4 Rc8 26. Rxc8+ Nxc8 27. Nb2
a5 28. Bb5 Qc7 29. Nd3 Nd6 30. Qc5 Qd8 31. f3 Qf6 32. Qc7 Qe6 33. Kf2 d4 34.
exd4 Nxb5 35. axb5 Qxb3 36. Ne5 Qd5 37. Nd7 Qxb5 38. Qd8+ Kh7 39. Nf8+ Kg8 40.
Ng6+ Kh7 41. Ne7 h5 42. h4 1-0

[Event "May Lviv Tradition (IM-group)"]
[Site "Lviv"]
[Date "2016.05.16"]
[Round "1.2"]
[White "Bogdanov, Egor"]
[Black "Oglaza, Oskar"]
[Result "0-1"]
[WhiteElo "2335"]
[BlackElo "2279"]
[PlyCount "146"]
[EventDate "2016.05.16"]
[EventType "tourn"]
[EventRounds "9"]
[EventCountry "UKR"]
[EventCategory "4"]

1. e4 c5 2. Nf3 d6 3. d4 cxd4 4. Nxd4 Nf6 5. Nc3 a6 6. Be3 e5 7. Nb3 Be7 8. Qd2
O-O 9. O-O-O a5 10. a4 Be6 11. f4 Qc8 12. Kb1 Nc6 13. f5 Nxe4 14. Nxe4 Bxf5 15.
Bd3 Nb4 16. Rhf1 Bg6 17. Nc3 Nxd3 18. cxd3 Qe6 19. Na1 d5 20. Nc2 d4 21. Nxd4
exd4 22. Bxd4 Bb4 23. Rf3 Rfd8 24. Rf4 Bxc3 25. bxc3 Qb3+ 26. Kc1 Qxa4 27. Qb2
Rac8 28. Qc2 Qb5 29. h4 f6 30. g4 Bf7 31. Rdf1 Bb3 32. Qd2 Qa4 33. Qb2 Rxd4 34.
Rxd4 Qxd4 35. Qxb3+ Kh8 36. Kd2 Qxg4 37. Qxb7 Re8 38. Qf3 Qxh4 39. c4 Qd4 40.
Kc2 h6 41. Rb1 a4 42. Rb7 a3 43. Qg3 f5 44. Rb8 Rxb8 45. Qxb8+ Kh7 46. Qb3 Qa1
47. Qb5 Qf1 48. Qb3 a2 49. Qxa2 Qe2+ 50. Kb3 Qxa2+ 51. Kxa2 f4 52. c5 f3 53. c6
f2 54. c7 f1=Q 55. c8=Q Qxd3 56. Qc5 Qg6 57. Qe7 h5 58. Qd8 Qf6 59. Qd3+ Kh6
60. Qe3+ g5 61. Kb1 h4 62. Qh3 Kh5 63. Qc8 g4 64. Kc1 h3 65. Qc7 Kh4 66. Kd2
Qf2+ 67. Kd1 h2 68. Qh7+ Kg3 69. Qc7+ Qf4 70. Qh7 h1=Q+ 71. Qxh1 Qf3+ 72. Qxf3+
gxf3 73. Ke1 Kg2 0-1

[Event "May Lviv Tradition (IM-group)"]
[Site "Lviv"]
[Date "2016.05.16"]
[Round "1.3"]
[White "Fiedorek, Michal"]
[Black "Goluch, Piotr"]
[Result "1/2-1/2"]
[WhiteElo "2081"]
[BlackElo "2351"]
[PlyCount "150"]
[EventDate "2016.05.16"]
[EventType "tourn"]
[EventRounds "9"]
[EventCountry "UKR"]
[EventCategory "4"]

1. e4 c6 2. d4 d5 3. e5 Bf5 4. h4 h5 5. Bd3 Bxd3 6. Qxd3 e6 7. Bg5 Be7 8. Nf3
Nh6 9. Nc3 Nf5 10. Ne2 Nd7 11. c3 Qb6 12. Qd2 f6 13. exf6 gxf6 14. Bf4 Nd6 15.
Qc2 O-O-O 16. O-O-O Nc4 17. Nd2 Nd6 18. Nf3 Rdg8 19. Rhe1 Rg4 20. Bg3 Bf8 21.
Nh2 Bh6+ 22. Kb1 Nc4 23. Ka1 Rgg8 24. b3 Na3 25. Qb2 Nb5 26. Nf3 Re8 27. Nc1
Qa5 28. c4 Nc3 29. Rd3 Ne4 30. b4 Qb6 31. c5 Qd8 32. Bh2 Rhg8 33. b5 e5 34. Ra3
Qc7 35. Rxa7 cxb5 36. Qxb5 Qc6 37. Ra8+ Nb8 38. Qxc6+ bxc6 39. Nd3 Nd2 40. dxe5
Kb7 41. Ra4 Rxg2 42. Nxd2 Bxd2 43. Rb1+ Kc8 44. Bg3 Bc3+ 45. Nb2 fxe5 46. a3
Re7 47. Ka2 Rb7 48. Nd3 Rxb1 49. Kxb1 Nd7 50. Kc2 Bd4 51. Ra8+ Kb7 52. Rh8 Nxc5
53. Rxh5 Nxd3 54. Kxd3 Kb6 55. Ke2 Rg1 56. Bxe5 Bxe5 57. Rxe5 Rh1 58. Rh5 Kb5
59. Rh8 Kc4 60. h5 c5 61. h6 Kc3 62. h7 c4 63. Rd8 Rxh7 64. Rxd5 Kc2 65. f4 c3
66. f5 Rh4 67. Rb5 Kc1 68. Ke3 c2 69. f6 Rh6 70. Rb6 Rh3+ 71. Ke4 Kd2 72. Rd6+
Ke2 73. Rc6 Rh4+ 74. Kf5 Kd3 75. f7 Rh1 $11 1/2-1/2

[Event "May Lviv Tradition (IM-group)"]
[Site "Lviv"]
[Date "2016.05.16"]
[Round "1.4"]
[White "Peng, Li Min"]
[Black "Terletsky, Oleg"]
[Result "1-0"]
[WhiteElo "2320"]
[BlackElo "2288"]
[PlyCount "73"]
[EventDate "2016.05.16"]
[EventType "tourn"]
[EventRounds "9"]
[EventCountry "UKR"]
[EventCategory "4"]

1. Nf3 Nf6 2. g3 g6 3. Bg2 Bg7 4. O-O O-O 5. c4 d6 6. d4 Nbd7 7. b3 e5 8. dxe5
dxe5 9. Bb2 Re8 10. Nxe5 Ng4 11. Nd3 Bxb2 12. Nxb2 Qf6 13. Qd2 Nc5 14. Nc3 c6
15. h3 Ne5 16. f4 Ned7 17. e4 Qe7 18. Rad1 a5 19. Qf2 f6 20. Rfe1 Nf8 21. Nba4
Nxa4 22. Nxa4 Be6 23. Qc5 Nd7 24. Qxe7 Rxe7 25. c5 Rae8 26. Rd6 f5 27. e5 Bf7
28. Red1 Nf8 29. Bf1 Bd5 30. Nb6 Bf3 31. R1d4 Kg7 32. Bc4 g5 33. Kf2 Be4 34.
Rd8 Rxd8 35. Rxd8 Ng6 36. Nc8 Rc7 37. Nd6 1-0

[Event "May Lviv Tradition (IM-group)"]
[Site "Lviv"]
[Date "2016.05.16"]
[Round "1.5"]
[White "Galperin, Platon"]
[Black "Mirzoev, Emil"]
[Result "1/2-1/2"]
[WhiteElo "2332"]
[BlackElo "2418"]
[PlyCount "61"]
[EventDate "2016.05.16"]
[EventType "tourn"]
[EventRounds "9"]
[EventCountry "UKR"]
[EventCategory "4"]

1. d4 Nf6 2. c4 c5 3. d5 b5 4. cxb5 a6 5. bxa6 g6 6. Nc3 Bxa6 7. e4 Bxf1 8.
Kxf1 d6 9. h3 Nbd7 10. Nf3 Bg7 11. Kg1 O-O 12. Kh2 Qa5 13. Re1 Rfb8 14. Re2 Ne8
15. Bg5 Bxc3 16. bxc3 f6 17. Bd2 Qa4 18. Qe1 Qc4 19. Bh6 Nc7 20. Rc1 Rxa2 21.
Rxa2 Qxa2 22. c4 Kf7 23. Be3 Rb7 24. Bh6 Kg8 25. Be3 Rb6 26. Bh6 Kf7 27. Be3
Qb3 28. Rc3 Qb4 29. Bd2 Kg8 30. Rc1 Qb3 31. Rc3 $11 1/2-1/2

[Event "May Lviv Tradition (IM-group)"]
[Site "Lviv"]
[Date "2016.05.17"]
[Round "2.1"]
[White "Shkuran, Danylo"]
[Black "Mirzoev, Emil"]
[Result "1/2-1/2"]
[WhiteElo "2395"]
[BlackElo "2418"]
[PlyCount "61"]
[EventDate "2016.05.16"]
[EventType "tourn"]
[EventRounds "9"]
[EventCountry "UKR"]
[EventCategory "4"]

1. e4 c6 2. d4 d5 3. Nc3 dxe4 4. Nxe4 Nf6 5. Nxf6+ exf6 6. Nf3 Bd6 7. Be2 O-O
8. O-O Bg4 9. h3 Bh5 10. Nh4 Bxe2 11. Qxe2 Re8 12. Qd3 g6 13. Bd2 Nd7 14. Rfe1
Qc7 15. Nf3 Kg7 16. Rxe8 Rxe8 17. Re1 Rxe1+ 18. Bxe1 Qb6 19. b3 Qd8 20. c4 Qe7
21. Bc3 a6 22. Kf1 h5 23. Qe2 Kf8 24. Qxe7+ Kxe7 25. Ke2 f5 26. Ne1 Nf6 27. Nd3
Ne4 28. Be1 Ke6 29. f3 Nf6 30. Bb4 Bxb4 31. Nxb4 $11 1/2-1/2

[Event "May Lviv Tradition (IM-group)"]
[Site "Lviv"]
[Date "2016.05.17"]
[Round "2.3"]
[White "Goluch, Piotr"]
[Black "Peng, Li Min"]
[Result "1/2-1/2"]
[WhiteElo "2351"]
[BlackElo "2320"]
[PlyCount "160"]
[EventDate "2016.05.16"]
[EventType "tourn"]
[EventRounds "9"]
[EventCountry "UKR"]
[EventCategory "4"]

1. d4 Nf6 2. Nf3 g6 3. c4 Bg7 4. g3 O-O 5. Bg2 d5 6. cxd5 Nxd5 7. O-O Nb6 8.
Nc3 Nc6 9. e3 Re8 10. Re1 a5 11. Qe2 e5 12. Nxe5 Nxe5 13. dxe5 Bxe5 14. e4 Be6
15. f4 Bd4+ 16. Be3 Bxe3+ 17. Qxe3 Qe7 18. e5 Nc4 19. Qf2 Red8 20. Ne4 Qb4 21.
g4 Qb6 22. b3 Qxf2+ 23. Kxf2 Nb2 24. Kg3 Kg7 25. Re2 Nd3 26. Ng5 c6 27. Rf1 h6
28. Nxe6+ fxe6 29. f5 gxf5 30. gxf5 exf5 31. Rxf5 Rf8 32. Be4 Nc5 33. Kf4 Rxf5+
34. Bxf5 Rf8 35. Rg2+ Kh8 36. e6 Nxe6+ 37. Ke5 Nd4 38. Bd7 Nb5 39. a4 Nc3 40.
Rg6 Rf1 41. Bf5 Re1+ 42. Kf6 Ne4+ 43. Ke7 Ng5+ 44. Kd8 Nf7+ 45. Kc7 Re5 46. Be6
Ng5 47. Bd7 Kh7 48. Rf6 Ne4 49. Rf5 Re7 50. Kd8 Rg7 51. Rf8 Rg1 52. Rf5 Nd2 53.
Be6 Re1 54. Kd7 Re3 55. Rxa5 Nxb3 56. Bf5+ Kg7 57. Ra7 Kf6 58. Bc2 Nd4 59. Bb1
b5 60. Kd6 Re6+ 61. Kc5 Nb3+ 62. Kb6 bxa4 63. Rxa4 Nd2 64. Ba2 Re2 65. Kxc6
Rxh2 66. Bd5 Rf2 67. Kd6 Nf1 68. Ra8 Kg5 69. Rg8+ Kh4 70. Ke5 Ng3 71. Be6 Re2+
72. Kd5 Rd2+ 73. Ke5 Re2+ 74. Kd5 h5 75. Bf7 Kh3 76. Rh8 Kg4 77. Be6+ Kf3 78.
Bf7 Rh2 79. Ke5 h4 80. Bd5+ Ke3 $11 1/2-1/2

[Event "May Lviv Tradition (IM-group)"]
[Site "Lviv"]
[Date "2016.05.17"]
[Round "2.4"]
[White "Oglaza, Oskar"]
[Black "Fiedorek, Michal"]
[Result "1/2-1/2"]
[WhiteElo "2279"]
[BlackElo "2081"]
[PlyCount "105"]
[EventDate "2016.05.16"]
[EventType "tourn"]
[EventRounds "9"]
[EventCountry "UKR"]
[EventCategory "4"]

1. e4 c5 2. Nf3 d6 3. d4 cxd4 4. Nxd4 Nf6 5. Nc3 Nc6 6. Bg5 e6 7. Qd2 a6 8.
O-O-O Bd7 9. f3 Be7 10. h4 h6 11. Be3 h5 12. Bg5 Nxd4 13. Qxd4 Qc7 14. Bd3 b5
15. a3 Bc6 16. Rde1 Qa7 17. Qxa7 Rxa7 18. Ne2 Rc7 19. Nd4 Bb7 20. Kd2 Nd7 21.
Bxe7 Kxe7 22. Ra1 Nb6 23. b3 g6 24. Rae1 Rd8 25. Rhf1 e5 26. Ne2 d5 27. Nc3
dxe4 28. Nxe4 f5 29. Nc3 Kf6 30. g4 Re7 31. Kc1 Rc7 32. Kb2 Rdc8 33. Ne2 hxg4
34. fxg4 e4 35. Nd4 exd3 36. Re6+ Kf7 37. Rxb6 dxc2 38. gxf5 c1=Q+ 39. Rxc1
Rxc1 40. fxg6+ Ke8 41. Rxb7 Rg1 42. a4 Rg2+ 43. Ka3 Rxg6 44. axb5 axb5 45. Nxb5
Ra8+ 46. Kb4 Rg4+ 47. Kc5 Rc8+ 48. Kb6 Rg6+ 49. Ka7 Rcc6 50. h5 Rh6 51. b4 Rxh5
52. Rb8+ Kd7 53. Rb7+ $11 1/2-1/2

[Event "May Lviv Tradition (IM-group)"]
[Site "Lviv"]
[Date "2016.05.17"]
[Round "3.1"]
[White "Bogdanov, Egor"]
[Black "Shkuran, Danylo"]
[Result "1/2-1/2"]
[WhiteElo "2335"]
[BlackElo "2395"]
[PlyCount "61"]
[EventDate "2016.05.16"]
[EventType "tourn"]
[EventRounds "9"]
[EventCountry "UKR"]
[EventCategory "4"]

1. e4 c6 2. d4 d5 3. exd5 cxd5 4. c4 Nf6 5. Nc3 Nc6 6. Nf3 Bg4 7. cxd5 Nxd5 8.
Qb3 Bxf3 9. gxf3 e6 10. Qxb7 Nxd4 11. Bb5+ Nxb5 12. Qc6+ Ke7 13. Qxb5 Qd7 14.
Nxd5+ Qxd5 15. Qxd5 exd5 16. Be3 Ke6 17. O-O-O Bb4 18. a3 Rhc8+ 19. Kb1 Bc5 20.
Rhe1 Bxe3 21. fxe3 Rc4 22. Rd2 Rb8 23. Ka2 a5 24. Rg1 g6 25. Rg4 Rbc8 26. Rxc4
Rxc4 27. b3 Rc3 28. Re2 Rc1 29. b4 axb4 30. axb4 Kd6 31. Kb3 $11 1/2-1/2

[Event "May Lviv Tradition (IM-group)"]
[Site "Lviv"]
[Date "2016.05.17"]
[Round "3.2"]
[White "Fiedorek, Michal"]
[Black "Badelka, Olga"]
[Result "0-1"]
[WhiteElo "2081"]
[BlackElo "2397"]
[PlyCount "98"]
[EventDate "2016.05.16"]
[EventType "tourn"]
[EventRounds "9"]
[EventCountry "UKR"]
[EventCategory "4"]

1. e4 c5 2. Nf3 Nc6 3. d4 cxd4 4. Nxd4 Qb6 5. Nb3 Nf6 6. Nc3 e6 7. Bd3 a6 8.
Be3 Qc7 9. f4 d6 10. Qf3 b5 11. g4 Bb7 12. g5 Nd7 13. O-O-O g6 14. h4 Bg7 15.
Ne2 Nb4 16. Kb1 Nc5 17. Nxc5 dxc5 18. a3 Nxd3 19. cxd3 c4 20. Rc1 Qd7 21. d4 a5
22. Ka2 Qc6 23. Ng3 b4 24. Rhe1 bxa3 25. bxa3 c3 26. Bf2 Qc4+ 27. Ka1 Rc8 28.
Qe2 Qa4 29. Qc2 Qxa3+ 30. Qa2 Qxa2+ 31. Kxa2 Rc4 32. Kb3 Rb4+ 33. Kxc3 Kd7 34.
Rb1 Rc8+ 35. Kd2 Bf8 36. Rec1 Rxb1 37. Rxb1 Bb4+ 38. Ke2 Ba6+ 39. Kf3 Rc3+ 40.
Kg2 Bd3 41. Rd1 Bc2 42. Ra1 Rc4 43. Kf3 a4 44. Ne2 a3 45. Be3 Bb3 46. Nc1 Bd1+
47. Kf2 Rc2+ 48. Kf1 Bf3 49. Ra2 Rb2 0-1

[Event "May Lviv Tradition (IM-group)"]
[Site "Lviv"]
[Date "2016.05.17"]
[Round "3.3"]
[White "Peng, Li Min"]
[Black "Oglaza, Oskar"]
[Result "1-0"]
[WhiteElo "2320"]
[BlackElo "2279"]
[PlyCount "83"]
[EventDate "2016.05.16"]
[EventType "tourn"]
[EventRounds "9"]
[EventCountry "UKR"]
[EventCategory "4"]

1. d4 Nf6 2. c4 g6 3. Nc3 Bg7 4. e4 O-O 5. Bd3 d6 6. Nge2 Nbd7 7. O-O e5 8. d5
Nh5 9. Be3 f5 10. f3 f4 11. Bf2 g5 12. Nc1 Rf7 13. Be2 Nhf6 14. Nd3 Nf8 15. c5
Ng6 16. cxd6 cxd6 17. a4 h5 18. Nb5 g4 19. Qb3 Ne8 20. Rfc1 Bd7 21. Kh1 Qg5 22.
Nxa7 g3 23. Qxb7 gxf2 24. Qxa8 Nh4 25. Rg1 fxg1=Q+ 26. Rxg1 Bf8 27. Nc6 Rg7 28.
a5 Nf6 29. Qd8 Bh3 30. Ne1 Bd7 31. Qb6 Kh8 32. a6 Nxd5 33. exd5 Nf5 34. Bd3 e4
35. fxe4 Ng3+ 36. hxg3 Bxc6 37. Qxc6 Qxg3 38. Qc8 Rg4 39. Qxf8+ Kh7 40. e5+
Qxd3 41. Qe7+ Rg7 42. Qxg7+ 1-0

[Event "May Lviv Tradition (IM-group)"]
[Site "Lviv"]
[Date "2016.05.17"]
[Round "3.4"]
[White "Galperin, Platon"]
[Black "Goluch, Piotr"]
[Result "0-1"]
[WhiteElo "2332"]
[BlackElo "2351"]
[PlyCount "122"]
[EventDate "2016.05.16"]
[EventType "tourn"]
[EventRounds "9"]
[EventCountry "UKR"]
[EventCategory "4"]

1. Nf3 Nf6 2. g3 g6 3. Bg2 Bg7 4. d4 O-O 5. O-O d6 6. b3 Nbd7 7. Bb2 c6 8. c4
Rb8 9. Qc2 b5 10. Nfd2 Qb6 11. Nc3 a5 12. cxb5 cxb5 13. a4 b4 14. Nc4 Qd8 15.
Nb5 Bb7 16. Rac1 Bxg2 17. Kxg2 d5 18. Ne5 Nxe5 19. dxe5 Ng4 20. Na7 Qd7 21. Qc7
Qe6 22. Nc6 Rbe8 23. h3 Nh6 24. Qxa5 f6 25. Nxb4 d4 26. Qd5 Qxd5+ 27. Nxd5 fxe5
28. b4 Nf5 29. Rc6 Rd8 30. Nb6 d3 31. exd3 Rxd3 32. Rc3 Rd2 33. Nc4 Re2 34.
Rcc1 Bh6 35. Rc3 Rc8 36. Nxe5 Rxc3 37. Bxc3 Rc2 38. Be1 Ne3+ 39. Kg1 Nxf1 40.
Kxf1 Bg7 41. Nd3 Bd4 42. a5 e5 43. f3 Kf7 44. b5 Ke6 45. b6 Kd7 46. b7 Kc7 47.
a6 Kb8 48. Nb4 Rc1 49. Ke2 Rxe1+ 50. Kxe1 Bc3+ 51. Ke2 Bxb4 52. Kd3 Ka7 53. Kc4
Bd6 54. Kd5 Bb8 55. Ke4 Kxa6 56. f4 Kxb7 57. fxe5 Kc6 58. h4 Kd7 59. g4 Ke6 60.
Kf4 Bxe5+ 61. Kg5 Bf6+ 0-1

[Event "May Lviv Tradition (IM-group)"]
[Site "Lviv"]
[Date "2016.05.17"]
[Round "3.5"]
[White "Mirzoev, Emil"]
[Black "Terletsky, Oleg"]
[Result "1-0"]
[WhiteElo "2418"]
[BlackElo "2288"]
[PlyCount "71"]
[EventDate "2016.05.16"]
[EventType "tourn"]
[EventRounds "9"]
[EventCountry "UKR"]
[EventCategory "4"]

1. d4 Nf6 2. c4 g6 3. Nc3 Bg7 4. e4 d6 5. Bd3 O-O 6. Nge2 Nc6 7. f3 e5 8. d5
Nd4 9. Nxd4 exd4 10. Ne2 Nd7 11. O-O c5 12. f4 Re8 13. Ng3 Nf6 14. h3 h5 15.
Qf3 h4 16. Nh1 b5 17. b3 bxc4 18. bxc4 Rb8 19. Nf2 Qa5 20. e5 dxe5 21. fxe5
Rxe5 22. Bf4 Re3 23. Bxe3 dxe3 24. Ne4 Bf5 25. Nxf6+ Bxf6 26. Bxf5 Bxa1 27. Bd3
e2 28. Qxf7+ Kh8 29. Bxe2 Bd4+ 30. Kh1 Qd2 31. Rf4 Qe1+ 32. Bf1 Qg3 33. Rf3 Qg5
34. Qxa7 Be5 35. Qxc5 Kh7 36. Qe3 1-0

[Event "May Lviv Tradition (IM-group)"]
[Site "Lviv"]
[Date "2016.05.18"]
[Round "4.1"]
[White "Shkuran, Danylo"]
[Black "Terletsky, Oleg"]
[Result "1-0"]
[WhiteElo "2395"]
[BlackElo "2288"]
[PlyCount "73"]
[EventDate "2016.05.16"]
[EventType "tourn"]
[EventRounds "9"]
[EventCountry "UKR"]
[EventCategory "4"]

1. Nf3 Nf6 2. g3 g6 3. Bg2 Bg7 4. O-O d6 5. c4 e5 6. Nc3 O-O 7. d4 exd4 8. Nxd4
Nbd7 9. e4 Re8 10. h3 Nc5 11. Re1 Bd7 12. b3 a5 13. Rb1 Qc8 14. Kh2 Re5 15. f4
Rh5 16. f5 gxf5 17. Nd5 Nxd5 18. exd5 f4 19. Qxh5 fxg3+ 20. Kh1 Bxd4 21. Re7
Qf8 22. Rxd7 Nxd7 23. Qg4+ Qg7 24. Qxd7 Qg6 25. Qg4 Re8 26. Bd2 Qxg4 27. hxg4
Re2 28. Bxa5 f5 29. Bxc7 fxg4 30. Bxd6 Bf2 31. c5 h5 32. c6 bxc6 33. dxc6 h4
34. c7 Rc2 35. Be4 Rc3 36. Bb7 h3 37. c8=Q+ 1-0

[Event "May Lviv Tradition (IM-group)"]
[Site "Lviv"]
[Date "2016.05.18"]
[Round "4.2"]
[White "Goluch, Piotr"]
[Black "Mirzoev, Emil"]
[Result "1/2-1/2"]
[WhiteElo "2351"]
[BlackElo "2418"]
[PlyCount "60"]
[EventDate "2016.05.16"]
[EventType "tourn"]
[EventRounds "9"]
[EventCountry "UKR"]
[EventCategory "4"]

1. d4 Nf6 2. Nf3 d6 3. g3 c6 4. Bg2 h6 5. O-O Bf5 6. c4 e6 7. d5 cxd5 8. cxd5
e5 9. Nc3 Be7 10. e4 Bd7 11. Be3 Ng4 12. Bd2 a5 13. h3 Nf6 14. Be3 Na6 15. a4
Rc8 16. Rc1 Nc5 17. Ne1 O-O 18. Nd3 b6 19. Bxc5 bxc5 20. Nxe5 dxe5 21. d6 Rb8
22. dxe7 Qxe7 23. Nd5 Nxd5 24. Qxd5 Rfc8 25. b3 Be6 26. Qxe5 Rxb3 27. Rfd1 Qc7
28. Qxc7 Rxc7 29. e5 c4 30. Bd5 Kf8 $11 1/2-1/2

[Event "May Lviv Tradition (IM-group)"]
[Site "Lviv"]
[Date "2016.05.18"]
[Round "4.5"]
[White "Bogdanov, Egor"]
[Black "Fiedorek, Michal"]
[Result "1/2-1/2"]
[WhiteElo "2335"]
[BlackElo "2081"]
[PlyCount "128"]
[EventDate "2016.05.16"]
[EventType "tourn"]
[EventRounds "9"]
[EventCountry "UKR"]
[EventCategory "4"]

1. e4 c5 2. c3 Nf6 3. e5 Nd5 4. d4 cxd4 5. Nf3 Nc6 6. cxd4 d6 7. Bc4 e6 8. O-O
Be7 9. Qe2 O-O 10. Nc3 Nxc3 11. bxc3 dxe5 12. dxe5 Qc7 13. Bd3 b6 14. Re1 Bb7
15. Ng5 Bxg5 16. Bxg5 Ne7 17. Qh5 Ng6 18. Re3 Qxc3 19. Rd1 Qc6 20. Be4 Qxe4 21.
Rxe4 Bxe4 22. Qe2 Bd5 23. h4 h6 24. h5 hxg5 25. hxg6 fxg6 26. Qd2 Rf5 27. Rc1
Raf8 28. Rc7 a5 29. a4 Rf4 30. Qd3 Kh7 31. Qa3 Re8 32. Qd6 Rg4 33. Qxb6 Rxg2+
34. Kf1 Rf8 35. Qa7 Kh6 36. Ke1 Rg1+ 37. Kd2 Rg2 38. Rf7 Rxf7 39. Qxf7 g4 40.
Ke3 g3 41. fxg3 Rxg3+ 42. Ke2 Rg2+ 43. Kf1 Ra2 44. Qd7 g5 45. Qd8 Kg6 46. Qxa5
g4 47. Qb4 Kf5 48. Qb1+ Kf4 49. Qc1+ Kg3 50. a5 Kh3 51. Qg5 Rxa5 52. Qxg7 Ra2
53. Qh6+ Kg3 54. Qe3+ Bf3 55. Qe1+ Kh3 56. Qe3 Rh2 57. Qf4 Bg2+ 58. Kf2 Bd5+
59. Kf1 g3 60. Qf7 Rf2+ 61. Kg1 Rg2+ 62. Kf1 Rf2+ 63. Kg1 Kg4 64. Qg6+ Kf4
1/2-1/2

[Event "May Lviv Tradition (IM-group)"]
[Site "Lviv"]
[Date "2016.05.18"]
[Round "5.1"]
[White "Fiedorek, Michal"]
[Black "Shkuran, Danylo"]
[Result "0-1"]
[WhiteElo "2081"]
[BlackElo "2395"]
[PlyCount "68"]
[EventDate "2016.05.16"]
[EventType "tourn"]
[EventRounds "9"]
[EventCountry "UKR"]
[EventCategory "4"]

1. e4 c5 2. Nf3 e6 3. d4 cxd4 4. Nxd4 Nf6 5. Nc3 d6 6. Be2 Be7 7. O-O O-O 8.
Be3 a6 9. a4 Nc6 10. f4 Nxd4 11. Bxd4 b6 12. Kh1 Bb7 13. Bd3 Nd7 14. Qf3 Bf6
15. Bxf6 Nxf6 16. g4 g6 17. Ne2 d5 18. e5 Ne4 19. Bxe4 dxe4 20. Qe3 Rc8 21. Nc3
Qh4 22. Rg1 Rfd8 23. Rg2 Qe7 24. Kg1 Qb4 25. Rb1 Rc4 26. Rf2 Bc6 27. f5 exf5
28. gxf5 Qc5 29. Qg5 Re8 30. fxg6 hxg6 31. Qf6 e3 32. Qxf7+ Kh8 33. Qf6+ Kh7
34. Qf7+ Kh6 0-1

[Event "May Lviv Tradition (IM-group)"]
[Site "Lviv"]
[Date "2016.05.18"]
[Round "5.4"]
[White "Mirzoev, Emil"]
[Black "Oglaza, Oskar"]
[Result "1-0"]
[WhiteElo "2418"]
[BlackElo "2279"]
[PlyCount "77"]
[EventDate "2016.05.16"]
[EventType "tourn"]
[EventRounds "9"]
[EventCountry "UKR"]
[EventCategory "4"]

1. g3 Nf6 2. Bg2 d5 3. Nf3 Bf5 4. O-O c6 5. d3 h6 6. c4 e6 7. Be3 Bd6 8. Qb3
Qd7 9. Bd4 Bg4 10. Nbd2 Na6 11. e4 Bxf3 12. Nxf3 Nc5 13. Bxc5 Bxc5 14. cxd5
cxd5 15. Ne5 Qc7 16. d4 Bd6 17. Rac1 Qb6 18. Qa4+ Ke7 19. exd5 Bxe5 20. dxe5
Nxd5 21. Bxd5 exd5 22. Qa3+ Ke6 23. Qf3 h5 24. Rc3 Qb4 25. Rc7 Raf8 26. Rd1 Qe4
27. Qc3 h4 28. Re1 Qa4 29. Qc5 hxg3 30. fxg3 Qg4 31. Rf1 Kxe5 32. Re7+ Qe6 33.
Rxe6+ Kxe6 34. Re1+ Kd7 35. Re7+ Kd8 36. Qd6+ Kc8 37. Qd7+ Kb8 38. Qc7+ Ka8 39.
Qxb7# 1-0

[Event "May Lviv Tradition (IM-group)"]
[Site "Lviv"]
[Date "2016.05.18"]
[Round "5.5"]
[White "Terletsky, Oleg"]
[Black "Goluch, Piotr"]
[Result "0-1"]
[WhiteElo "2288"]
[BlackElo "2351"]
[PlyCount "100"]
[EventDate "2016.05.16"]
[EventType "tourn"]
[EventRounds "9"]
[EventCountry "UKR"]
[EventCategory "4"]

1. e4 c6 2. d4 d5 3. Nc3 dxe4 4. Nxe4 Bf5 5. Ng3 Bg6 6. h4 h6 7. Nf3 e6 8. h5
Bh7 9. Bd3 Bxd3 10. Qxd3 Nf6 11. Bd2 Be7 12. O-O-O O-O 13. Qe2 b5 14. Ne5 Qd5
15. Kb1 a5 16. f4 Na6 17. Qf3 Qxf3 18. gxf3 c5 19. Nc6 Bd6 20. dxc5 Bxc5 21.
Nxa5 Nd5 22. c3 Bd6 23. Ne2 Nc5 24. Nb3 Nd3 25. Rh4 Be7 26. Rh2 Bd6 27. a3
N3xf4 28. Bxf4 Bxf4 29. Nxf4 Nxf4 30. Nd4 Rab8 31. Rh4 Nd5 32. Nc6 Rb6 33. Nb4
Nf6 34. Ka2 Rc8 35. Kb3 Rc5 36. Rdh1 Rf5 37. R1h3 Nd7 38. Rd4 Nc5+ 39. Kc2 e5
40. Rd8+ Kh7 41. Nd5 Rb7 42. Rc8 Ne6 43. b4 Ng5 44. Rg3 e4 45. fxe4 Nxe4 46.
Rd3 Rf2+ 47. Kc1 Ra7 48. Ne3 Rxa3 49. Nc2 Ra2 50. Rdd8 Rfxc2+ 0-1

[Event "May Lviv Tradition (IM-group)"]
[Site "Lviv"]
[Date "2016.05.19"]
[Round "6.3"]
[White "Badelka, Olga"]
[Black "Mirzoev, Emil"]
[Result "1/2-1/2"]
[WhiteElo "2397"]
[BlackElo "2418"]
[PlyCount "60"]
[EventDate "2016.05.16"]
[EventType "tourn"]
[EventRounds "9"]
[EventCountry "UKR"]
[EventCategory "4"]

1. e4 e5 2. Nf3 Nc6 3. Bb5 a6 4. Ba4 Nf6 5. O-O Be7 6. Re1 b5 7. Bb3 d6 8. c3
O-O 9. d3 Na5 10. Bc2 c5 11. Nbd2 Qc7 12. Nf1 Re8 13. Ng3 Nc6 14. h3 Bd7 15. a4
Rab8 16. axb5 axb5 17. Be3 Bf8 18. d4 Ra8 19. d5 Na5 20. b3 g6 21. Qd2 Bg7 22.
Rab1 Rf8 23. Bh6 Rfe8 24. Bxg7 Kxg7 25. Nh4 Ng8 26. Bd1 f6 27. Nf3 Rf8 28. Bc2
Rf7 29. Ra1 Rff8 30. Rab1 Nb7 $11 1/2-1/2

[Event "May Lviv Tradition (IM-group)"]
[Site "Lviv"]
[Date "2016.05.20"]
[Round "7.1"]
[White "Peng, Li Min"]
[Black "Shkuran, Danylo"]
[Result "1-0"]
[WhiteElo "2320"]
[BlackElo "2395"]
[PlyCount "71"]
[EventDate "2018.05.16"]
[EventType "tourn"]
[EventRounds "9"]
[EventCountry "UKR"]
[EventCategory "4"]

1. e4 c6 2. d3 d5 3. Nd2 e6 4. Ngf3 Be7 5. g3 Nf6 6. Bg2 O-O 7. O-O c5 8. e5
Nfd7 9. c4 Nc6 10. Qe2 d4 11. Re1 a6 12. h4 Re8 13. Nf1 Bf8 14. Bf4 Rb8 15. b3
Qc7 16. Qe4 h6 17. g4 Ne7 18. h5 b5 19. Qe2 Bb7 20. Ng3 bxc4 21. bxc4 Bc6 22.
Rad1 Rb6 23. g5 Bxf3 24. Bxf3 hxg5 25. Bxg5 Reb8 26. Rd2 Nc6 27. Bxc6 Rxc6 28.
f4 Rcb6 29. Ne4 Rb1 30. Kh2 Qb6 31. Rxb1 Qxb1 32. Ng3 Qb6 33. Qg4 Kh8 34. Rg2
Qc6 35. Ne4 Kh7 36. Bf6 1-0

[Event "May Lviv Tradition (IM-group)"]
[Site "Lviv"]
[Date "2016.05.20"]
[Round "7.2"]
[White "Galperin, Platon"]
[Black "Fiedorek, Michal"]
[Result "1-0"]
[WhiteElo "2332"]
[BlackElo "2081"]
[PlyCount "77"]
[EventDate "2018.05.16"]
[EventType "tourn"]
[EventRounds "9"]
[EventCountry "UKR"]
[EventCategory "4"]

1. Nf3 d5 2. c4 e6 3. g3 Nf6 4. Bg2 Be7 5. O-O O-O 6. b3 c5 7. Bb2 Nc6 8. e3 b6
9. d3 Ba6 10. Qe2 Qd7 11. Nbd2 Rfd8 12. Rad1 Rac8 13. e4 dxc4 14. dxc4 Qd3 15.
Qxd3 Rxd3 16. e5 Ne8 17. Ne4 Rxd1 18. Rxd1 Rd8 19. Rxd8 Nxd8 20. h4 Bb7 21. Nh2
f5 22. exf6 gxf6 23. g4 Kf7 24. f4 Nd6 25. Ng3 Bxg2 26. Kxg2 Nc6 27. g5 e5 28.
fxe5 Nxe5 29. Bxe5 fxe5 30. Ng4 Ke6 31. Kf3 b5 32. Ne3 bxc4 33. bxc4 Nf7 34.
Ne4 Nd8 35. Kg4 Nc6 36. h5 Nd4 37. Nd5 Nc2 38. h6 Bf8 39. Nef6 1-0